01490nam a2200373 a 450000100060000000300080000600500170001400600190003100700150005000800410006502000180010603500230012403500240014703500250017103500210019604000260021705000260024308000200026908200200028910000310030924501960034026001440053630000110068044000240069153301640071565000120087965000250089165100490091665500270096570000260099271000190101885600620103799900170109947884FlNmELB20241216231912.0m o d | cr cn|||||||||201002r2007 mx |||||s|||||||||||spa d z9789684966499 a(MiAaPQ)EBC3186807 a(Au-PeEL)EBL3186807 a(CaPaEBR)ebr10357754 a(OCoLC)928933538 aFlNmELBbspacFlNmELB 4aHD1696.M64bR763 2007 a351.79(460)(72)04a363.61097252221 aRomero Navarrete, Lourdes.13aEl río Nazas y los derechos de agua en Méxicoh[recurso electronico] :bconflicto y negociación en torno a la democracia, 1878-1939 /cLourdes Romero Navarrete ; prólogo David Barkin. aMéxico, D.F. :bCIESAS - Centro de Investigaciones y Estudios Superiores en Antropología Social :bArchivo Histórico del Agua,c2007. a219 p. 0aBiblioteca del agua aRecurso electrónico. Santa Fe, Arg.: e-libro, 2015. Disponible vía World Wide Web. El acceso puede estar limitado para las bibliotecas afiliadas a e-libro. 4aRíos. 4aAguaxLegislación. 4aNazas River (Mexico)xWater rightsxHistory. 4aLibros electrónicos.1 aBarkin, David,eprol.2 ae-libro, Corp.40uhttps://elibro.net/ereader/politecnicointernacional/72486 c47884d47884